[Event "Linares ESP"]
[Site "Linares ESP"]
[Date "1994.??.??"]
[Round "5"]
[White "Polgar, Judit"]
[Black "Kasparov, Gary"]
[Result "0-1"]
[WhiteElo "2630"]
[BlackElo "2805"]
[PlyCount "80"]
[EventDate "1994.??.??"]
[Source "www.chesslib.no"]
[SourceDate "2004.05.04"]

1. e4 c5 2. Nf3 d6 3. d4 cxd4 4. Nxd4 Nf6 5. Nc3 a6 6. f4 e6 7. Be2 Be7 8. O-O Qc7 9. Qe1 Nbd7 10. a4 b6 11. Bf3 Bb7 12. Kh1 Rd8 13. Be3 O-O 14. Qg3 Nc5 15. f5 e5 16. Bh6 Ne8 17. Nb3 Nd7 18. Rad1 Kh8 19. Be3 Nef6 20. Qf2 Rfe8 21. Rfe1 Bf8 22. Bg5 h6 23. Bh4 Rc8 24. Qf1 Be7 25. Nd2 Qc5 26. Nb3 Qb4 27. Be2 Bxe4 28. Nxe4 Nxe4 29. Bxe7 Rxe7 30. Bf3 Nef6 31. Qxa6 Ree8 32. Qe2 Kg8 33. Bb7 Rc4 34. Qd2 Qxa4 35. Qxd6 Rxc2 36. Nd2 Nf8 37. Kg1 Ne4 38. Qxb6 Rd8 39. Qxd8 Kh7 40. Qe7 Qc4 0-1

[Event "Belgrade YUG"]
[Site "Belgrade SCG"]
[Date "1989.??.??"]
[Round "?"]
[White "Short, Nigel D"]
[Black "Kasparov, Gary"]
[Result "0-1"]
[WhiteElo "2650"]
[BlackElo "2775"]
[PlyCount "22"]
[EventDate "1989.??.??"]
[Source "www.chesslib.no"]
[SourceDate "2004.05.04"]

1. e4 c5 2. Nf3 d6 3. d4 cxd4 4. Nxd4 Nf6 5. Nc3 a6 6. f4 e6 7. e5 Nbd7 8. g4 Qe7 9. Be2 b5 10. Nb3 Qd8 11. g5 Ke7 0-1

[Event "National I"]
[Site "Drancy"]
[Date "2003.02.01"]
[Round "2"]
[White "Kramnik, Vladimir"]
[Black "Dorfman, Josif D"]
[Result "1/2-1/2"]
[WhiteElo "2807"]
[BlackElo "2610"]
[PlyCount "49"]
[EventDate "2003.01.31"]
[Source "Roberto Alvarez"]
[SourceDate "2003.02.17"]

1. e4 c5 2. Nf3 e6 3. d4 cxd4 4. Nxd4 a6 5. Nc3 Qc7 6. Bd3 Nf6 7. f4 d6 8. Qe2 Nc6 9. Nf3 Be7 10. O-O O-O 11. Kh1 Nd7 12. b3 Nc5 13. Bb2 Bd7 14. Qf2 Rac8 15. Qg3 f6 16. Be2 b5 17. a3 b4 18. axb4 Nxb4 19. Nd4 Qb7 20. Bg4 Nxc2 21. Nxc2 Qxb3 22. Na3 Qxb2 23. Rfb1 Qd2 24. Rd1 Qb2 25. Rdb1 1/2-1/2

[Event "Madrid"]
[Site "Madrid"]
[Date "1995.??.??"]
[Round "7"]
[White "Timman, Jan H"]
[Black "Salov, Valery"]
[Result "1/2-1/2"]
[WhiteElo "2635"]
[BlackElo "2715"]
[PlyCount "35"]
[EventDate "1995.05.??"]
[Source "ChessBase"]

1. e4 c5 2. Nf3 d6 3. d4 cxd4 4. Nxd4 Nf6 5. Nc3 e6 6. f4 Be7 7. Bb5+ Bd7 8. e5 dxe5 9. fxe5 Nd5 10. Nxd5 exd5 11. Bxd7+ Qxd7 12. O-O Bc5 13. Be3 Nc6 14. Nf5 Bxe3+ 15. Nxe3 O-O 16. Qxd5 Qxd5 17. Nxd5 Rad8 18. Rad1 1/2-1/2

[Event "France"]
[Site "?"]
[Date "1993.??.??"]
[Round "?"]
[White "Anand, V."]
[Black "Polugaevsky, L."]
[Result "1/2-1/2"]
[WhiteElo "2725"]
[BlackElo "2605"]
[PlyCount "92"]
[EventDate "1993.??.??"]
[Source "ChessBase"]
[SourceDate "1993.06.01"]

1. e4 c5 2. Nf3 d6 3. d4 cxd4 4. Nxd4 Nf6 5. Nc3 a6 6. f4 e6 7. Qf3 Qb6 8. a3 Nc6 9. Nxc6 bxc6 10. b3 Bb7 11. Bb2 c5 12. O-O-O O-O-O 13. Bc4 Qc6 14. Qh3 Kc7 15. e5 Nd7 16. exd6+ Bxd6 17. f5 Nb6 18. fxe6 Bf4+ 19. Kb1 Nxc4 20. Qf5 Nd2+ 21. Ka2 Bh6 22. Qxf7+ Kb8 23. Rhe1 c4 24. Re2 cxb3+ 25. cxb3 Rhe8 26. e7 Rc8 27. Na4 Ne4 28. Be5+ Ka8 29. Rd4 Nc3+ 30. Nxc3 Qxc3 31. Rd8 Qc6 32. Rxc8+ Qxc8 33. Bxg7 Bxg7 34. Qxg7 Bd5 35. Qxh7 Qc3 36. Qb1 Rb8 37. Rb2 a5 38. Qd1 Qc6 39. Ka1 Re8 40. Rc2 Qd6 41. Rd2 Qxa3+ 42. Ra2 Qc5 43. Qd2 Kb7 44. Rxa5 Qg1+ 45. Kb2 Bc6 46. g3 Rxe7 1/2-1/2

[Event "IX Foxwoods Open"]
[Site "Mashantucket USA"]
[Date "2007.04.06"]
[Round "4"]
[White "Perelshteyn, Eugene"]
[Black "Ehlvest, Jaan"]
[Result "0-1"]
[WhiteElo "2609"]
[BlackElo "2675"]
[PlyCount "66"]
[EventDate "2007.04.04"]
[Source "www.chesslib.no"]
[SourceDate "2004.05.04"]

1. e4 c5 2. Nf3 d6 3. d4 cxd4 4. Nxd4 Nf6 5. Nc3 a6 6. Be3 e6 7. f4 b5 8. e5 dxe5 9. fxe5 Nd5 10. Nxd5 Qxd5 11. Be2 Qxe5 12. Qd2 Bb7 13. Rd1 Be7 14. O-O O-O 15. Nf3 Qc7 16. Bd3 Nc6 17. c3 Ne5 18. Nxe5 Qxe5 19. Bf4 Qc5+ 20. Be3 Qc6 21. Qe2 Rad8 22. Rf3 Bc5 23. Rg3 f5 24. Bxc5 Qxc5+ 25. Kh1 e5 26. Qh5 e4 27. Bc2 Rxd1+ 28. Bxd1 Qf2 29. Bb3+ Kh8 30. Qd1 e3 31. Rxg7 Kxg7 32. Qd7+ Kg6 33. Qe6+ Rf6 0-1

[Event "Corr"]
[Site "?"]
[Date "1999.06.30"]
[Round "?"]
[White "Maliangkay Rudolf J.(NED)"]
[Black "Bang Erik (DEN)"]
[Result "1-0"]
[WhiteElo "2618"]
[BlackElo "2663"]
[PlyCount "87"]
[EventDate "1999.??.??"]
[Source "www.chesslib.no"]
[SourceDate "2004.05.04"]

1. e4 c5 2. Nf3 e6 3. d4 cxd4 4. Nxd4 Nf6 5. Nc3 d6 6. f4 Nc6 7. Be3 Be7 8. Qf3 O-O 9. O-O-O Qc7 10. Rg1 Nxd4 11. Rxd4 e5 12. Rd2 exf4 13. Qxf4 Be6 14. g4 Qa5 15. g5 Nd7 16. a3 Rac8 17. Nd5 Bxd5 18. exd5 Ne5 19. Kb1 Bd8 20. Qf2 f5 21. gxf6 Rxf6 22. Qg2 Rc7 23. Be2 Rg6 24. Qh1 Re7 25. Rxg6 Nxg6 26. Rd3 Qa4 27. Rc3 Qe8 28. Qf3 a6 29. Qg3 Ne5 30. Rc8 Qd7 31. Ra8 Re8 32. Ra7 Bf6 33. Bxa6 Qg4 34. Rxb7 Qd1+ 35. Ka2 Qxd5+ 36. Kb1 Qd1+ 37. Bc1 h6 38. Qf4 Ng6 39. Qf5 Re1 40. Bc4+ Kh7 41. Qxf6 Qxc1+ 42. Ka2 Qb1+ 43. Kb3 Re3+ 44. c3 1-0

[Event "Deutschland"]
[Site "?"]
[Date "2004.??.??"]
[Round "?"]
[White "Nisipeanu, L._D."]
[Black "Hracek, Z."]
[Result "1-0"]
[WhiteElo "2685"]
[BlackElo "2595"]
[PlyCount "55"]
[EventDate "2004.??.??"]
[Source "Chess Informant"]
[SourceDate "2004.10.01"]

1. e4 c5 2. Nf3 d6 3. d4 cxd4 4. Nxd4 Nf6 5. Nc3 e6 6. f4 Be7 7. Be2 Nc6 8. Be3 Bd7 9. O-O Nxd4 10. Qxd4 Bc6 11. f5 e5 12. Qd3 a6 13. Bf3 b5 14. a3 Qb8 15. g4 h6 16. Bf2 O-O 17. h4 Nh7 18. Kg2 a5 19. Nd5 Bxd5 20. Qxd5 b4 21. axb4 Qxb4 22. Qd3 Rfc8 23. b3 Rc3 24. Be1 Rac8 25. Qe2 Bxh4 26. Ra4 Qc5 27. Bxh4 Rxc2 28. Rc4 1-0

[Event "Ermioni Argolidas GRE"]
[Site "?"]
[Date "2005.07.08"]
[Round "5"]
[White "Volokitin Andrei"]
[Black "Sokolov Andrei"]
[Result "0-1"]
[WhiteElo "2671"]
[BlackElo "2603"]
[PlyCount "148"]
[EventDate "2005.??.??"]
[Source "www.chesslib.no"]
[SourceDate "2004.05.04"]

1. e4 c5 2. Nf3 e6 3. Nc3 d6 4. d4 cxd4 5. Nxd4 Nf6 6. f4 Nc6 7. Be3 e5 8. Nf3 Ng4 9. Bd2 exf4 10. Bxf4 Be7 11. Qd2 Be6 12. Nd5 Bxd5 13. exd5 Nce5 14. Bb5+ Kf8 15. Nd4 Ng6 16. O-O Bf6 17. c3 h5 18. Rae1 Qb6 19. Ba4 Nxf4 20. Qxf4 Kg8 21. Qd2 Rh6 22. Kh1 Bxd4 23. cxd4 Rf6 24. Rxf6 Nxf6 25. Bb3 Re8 26. Rxe8+ Nxe8 27. h3 g6 28. Qf4 Kg7 29. Kh2 Nf6 30. Qe3 Qd8 31. Bc4 Qe8 32. Qa3 Qb8 33. Qe3 Qe8 34. Qa3 Qb8 35. Qe3 Qc7 36. Bb3 Qd7 37. Qf4 Qe7 38. Bc4 Nh7 39. Bb5 Qf6 40. Qe3 Qg5 41. Qxg5 Nxg5 42. Kg3 Ne4+ 43. Kf4 Nf6 44. Bc4 Ng8 45. Bd3 Ne7 46. Be4 Kh6 47. g4 hxg4 48. hxg4 g5+ 49. Ke3 Kg7 50. Kd3 Kf8 51. b4 Ke8 52. a4 Ng8 53. Ke3 Nh6 54. Kf3 Ng8 55. Ke3 Nf6 56. Bf3 Kd8 57. a5 Kc7 58. Kd3 Kd7 59. Ke3 Ke7 60. Ke2 Ng8 61. Be4 Nh6 62. Kf3 f5 63. gxf5 Kf6 64. Ke3 Nxf5+ 65. Kd3 g4 66. Kc4 Kg5 67. Bh1 Kf4 68. a6 bxa6 69. b5 axb5+ 70. Kxb5 Nxd4+ 71. Ka6 Nf3 72. Kxa7 g3 73. Kb6 Ne1 74. Kc6 Ke5 0-1

[Event "Delft m"]
[Site "Delft"]
[Date "1989.??.??"]
[Round "1"]
[White "Timman, Jan H"]
[Black "Ljubojevic, Ljubomir"]
[Result "1/2-1/2"]
[WhiteElo "2635"]
[BlackElo "2635"]
[PlyCount "80"]
[EventDate "1989.11.??"]
[Source "ChessBase"]

1. e4 c5 2. Nf3 d6 3. d4 cxd4 4. Nxd4 Nf6 5. Nc3 e6 6. f4 Nc6 7. Be3 e5 8. Nf3 Be7 9. Qd2 Ng4 10. f5 g6 11. fxg6 hxg6 12. Bc4 Na5 13. Bd5 Bh4+ 14. Nxh4 Qxh4+ 15. Ke2 Nxe3 16. Qxe3 Qg4+ 17. Kf2 Be6 18. h3 Qh4+ 19. g3 Qe7 20. Rad1 Nc6 21. Nb5 Rd8 22. Qa3 O-O 23. Kg2 Nd4 24. Nxd4 Bxd5 25. exd5 exd4 26. Rhe1 Qc7 27. Qa4 b5 28. Qxd4 Qxc2+ 29. Rd2 Qc7 30. h4 Rfe8 31. Rde2 Rxe2+ 32. Rxe2 Qd7 33. Qf6 Re8 34. Rxe8+ Qxe8 35. Kf2 Qd7 36. Kf3 Qc7 37. g4 Qc5 38. Qg5 Qd4 39. Qd8+ Kg7 40. Qxd6 Qd3+ 1/2-1/2

[Event "Groningen"]
[Site "?"]
[Date "1994.??.??"]
[Round "?"]
[White "Almasi, Z."]
[Black "Azmaiparashvili, Z."]
[Result "1-0"]
[WhiteElo "2620"]
[BlackElo "2625"]
[PlyCount "101"]
[EventDate "1994.??.??"]
[Source "ChessBase"]
[SourceDate "1994.10.01"]

1. e4 c5 2. Nf3 d6 3. d4 cxd4 4. Nxd4 Nf6 5. Nc3 a6 6. f4 e6 7. Qf3 Qb6 8. Nb3 Qc7 9. g4 b5 10. Bd3 Nfd7 11. Bd2 Nb6 12. O-O-O N8d7 13. g5 Nc5 14. Kb1 Bd7 15. f5 O-O-O 16. Rhf1 Kb8 17. Qg3 e5 18. Nd5 Nxd5 19. exd5 Rc8 20. f6 gxf6 21. Ba5 Qb7 22. gxf6 Nxd3 23. Qxd3 Bg4 24. Rc1 Bh5 25. Bb4 Bh6 26. Na5 Qb6 27. Nc6+ Ka8 28. Qh3 Bxc1 29. Qxh5 Bf4 30. Qxf7 Rhg8 31. a3 Qc7 32. Qxc7 Rxc7 33. Bxd6 Rf7 34. Be7 Rff8 35. Re1 Bxh2 36. Nxe5 Bxe5 37. Rxe5 Rf7 38. d6 Kb7 39. Rc5 Rg1+ 40. Ka2 Rd1 41. b3 Kb6 42. Rc8 h5 43. Rh8 Kc6 44. Rxh5 Kd7 45. Kb2 Rd2 46. Kc3 Rf2 47. Rc5 Ke6 48. Rc7 Rf3+ 49. Kb2 R7xf6 50. Bxf6 Rxf6 51. Rc6 1-0

[Event "Bundesliga 9697"]
[Site "Germany"]
[Date "1997.??.??"]
[Round "?.1"]
[White "Wahls, Matthias"]
[Black "Hracek, Zbynek"]
[Result "1/2-1/2"]
[WhiteElo "2605"]
[BlackElo "2630"]
[PlyCount "114"]
[EventDate "1996.10.??"]
[Source "ChessBase"]
[SourceDate "1999.07.01"]

1. e4 c5 2. Nf3 d6 3. d4 cxd4 4. Nxd4 Nf6 5. Nc3 a6 6. f4 e6 7. Qf3 Qb6 8. Nb3 Qc7 9. g4 b5 10. Bd3 Bb7 11. g5 Nfd7 12. Bd2 Nc5 13. f5 b4 14. Nd1 exf5 15. Qxf5 Nbd7 16. Bxb4 g6 17. Qf4 Ne5 18. Qe3 h6 19. Nc3 Be7 20. gxh6 Bg5 21. Qe2 Ne6 22. Rd1 Bh4+ 23. Kd2 Nf4 24. Qf1 Bg5 25. h4 Bxh6 26. Ke1 Nexd3+ 27. Rxd3 Nxd3+ 28. Qxd3 Bf4 29. Na5 Rh5 30. Rf1 Bh2 31. Nc4 Rd8 32. Rf2 Rxh4 33. Ba5 Qe7 34. Bxd8 Qxd8 35. Kd1 Qe7 36. Re2 Bc8 37. Ne3 Be5 38. Ncd5 Qd8 39. c3 Qa5 40. Qc4 Bd7 41. Re1 Qa4+ 42. Qxa4 Bxa4+ 43. b3 Bb5 44. Nc7+ Kd7 45. Nxb5 axb5 46. Nd5 g5 47. a4 bxa4 48. bxa4 Kc6 49. Kc2 Kc5 50. a5 Kc4 51. Ne3+ Kb5 52. Ra1 Ka6 53. Nd5 Rh3 54. Nc7+ Ka7 55. Nb5+ Ka6 56. Nc7+ Ka7 57. Nb5+ Ka6 1/2-1/2

[Event "ECC"]
[Site "Rethymnon"]
[Date "2003.10.01"]
[Round "4"]
[White "Shirov, Alexei"]
[Black "Grivas, Efstratios"]
[Result "1/2-1/2"]
[WhiteElo "2732"]
[BlackElo "2492"]
[PlyCount "38"]
[EventDate "2003.09.28"]
[Source "Roberto Alvarez"]
[SourceDate "2003.10.06"]

1. e4 c5 2. Nf3 Nc6 3. d4 cxd4 4. Nxd4 Qb6 5. Nb3 Nf6 6. Nc3 e6 7. Bd3 d6 8. Be3 Qc7 9. f4 a6 10. Qf3 Be7 11. g4 b5 12. g5 Nd7 13. O-O-O Nb6 14. Kb1 Na4 15. Bd2 Nxc3+ 16. Bxc3 e5 17. Bd2 exf4 18. Bxf4 O-O 19. h4 Be6 1/2-1/2

[Event "Reggio Emilia"]
[Site "?"]
[Date "1989.??.??"]
[Round "?"]
[White "de Firmian, N."]
[Black "Ehlvest, J."]
[Result "0-1"]
[WhiteElo "2595"]
[BlackElo "2620"]
[PlyCount "52"]
[EventDate "1989.??.??"]
[Source "ChessBase"]
[SourceDate "1990.01.01"]

1. e4 c5 2. Nf3 e6 3. d4 cxd4 4. Nxd4 Nf6 5. Nc3 d6 6. f4 Be7 7. Qf3 O-O 8. Be3 e5 9. Nf5 Bxf5 10. exf5 Qa5 11. g4 e4 12. Qd1 d5 13. g5 Nc6 14. gxf6 Bxf6 15. Qd2 Bh4+ 16. Kd1 d4 17. Nxe4 Qxf5 18. Ng3 Bxg3 19. hxg3 dxe3 20. Bd3 Rad8 21. Qc3 Qe4 22. Rg1 Rxd3+ 23. cxd3 Rd8 24. Kc2 Rxd3 25. Qxd3 Nb4+ 26. Kc3 Nxd3 0-1

[Event "XXVI ch /blit"]
[Site "Moscow XXVI ch /blit"]
[Date "1972.??.??"]
[Round "?"]
[White "Bronstein, David I"]
[Black "Tal, Mikhail N"]
[Result "1/2-1/2"]
[WhiteElo "2585"]
[BlackElo "2625"]
[PlyCount "79"]
[EventDate "1972.??.??"]
[Source "www.chesslib.no"]
[SourceDate "2004.05.04"]

1. e4 c5 2. Nf3 d6 3. d4 cxd4 4. Nxd4 Nc6 5. Nc3 e6 6. Be3 Nf6 7. f4 Be7 8. Qf3 e5 9. fxe5 dxe5 10. Nxc6 bxc6 11. Bc4 O-O 12. h3 Ne8 13. O-O Nd6 14. Bd3 Be6 15. b3 Qa5 16. Na4 Nb5 17. Qg3 f6 18. Qe1 Bb4 19. Qf2 Rad8 20. Bc5 Rf7 21. Bxb4 Qxb4 22. Qc5 Qd4+ 23. Qxd4 Nxd4 24. Nc5 Rd6 25. Rad1 Re7 26. c3 Nb5 27. Rc1 Nc7 28. Rfd1 Kf8 29. Be2 Ne8 30. Rxd6 Nxd6 31. Rd1 Nb7 32. Nxb7 Rxb7 33. Rd8+ Ke7 34. Ra8 Rc7 35. Kf2 g6 36. g4 f5 37. gxf5 gxf5 38. exf5 Bxf5 39. h4 Be6 40. Kf3 1/2-1/2

[Event "Polanica Zdroj"]
[Site "?"]
[Date "1995.??.??"]
[Round "?"]
[White "Ehlvest, J."]
[Black "Ftacnik, L."]
[Result "1-0"]
[WhiteElo "2630"]
[BlackElo "2580"]
[PlyCount "87"]
[EventDate "1995.??.??"]
[Source "ChessBase"]
[SourceDate "1995.06.01"]

1. e4 c5 2. Nf3 d6 3. d4 cxd4 4. Nxd4 Nf6 5. Nc3 a6 6. f4 e6 7. Be3 b5 8. Qf3 Bb7 9. Bd3 Nbd7 10. g4 b4 11. Nce2 Nc5 12. Ng3 Nfd7 13. O-O g6 14. a3 bxa3 15. b4 Nxd3 16. cxd3 Bg7 17. Rxa3 O-O 18. Ra2 e5 19. Ndf5 exf4 20. Bxf4 Ne5 21. Bxe5 Bxe5 22. Nh6+ Kg7 23. Qe3 d5 24. Raf2 f6 25. d4 Qb6 26. Nhf5+ gxf5 27. Nxf5+ Kh8 28. dxe5 Qxe3 29. Nxe3 Rfe8 30. Nf5 Rxe5 31. Nd6 Re7 32. Rxf6 d4 33. Rf7 Rxf7 34. Rxf7 Bc6 35. Rc7 Ba4 36. Kf2 Rb8 37. Rc4 d3 38. Ke3 Bd1 39. e5 Bb3 40. Rf4 Kg7 41. Kxd3 h5 42. Kc3 Ba2 43. g5 h4 44. Rf6 1-0

[Event "Buenos Aires Najdorf"]
[Site "Buenos Aires"]
[Date "1996.??.??"]
[Round "1"]
[White "Almasi, Zoltan"]
[Black "Ricardi, Pablo"]
[Result "1-0"]
[WhiteElo "2650"]
[BlackElo "2555"]
[PlyCount "85"]
[EventDate "1996.04.??"]
[Source "ChessBase"]

1. e4 c5 2. Nf3 d6 3. d4 cxd4 4. Nxd4 Nf6 5. Nc3 a6 6. f4 e6 7. Qf3 Qb6 8. Nb3 Nc6 9. g4 Be7 10. Be3 Qc7 11. g5 Nd7 12. O-O-O b5 13. Bd3 Nb4 14. Kb1 Bb7 15. Qh3 Nxd3 16. cxd3 O-O 17. Rhg1 Rac8 18. Rc1 Nc5 19. Bd4 Qd7 20. Bf6 Rfe8 21. Rg3 b4 22. Bxg7 bxc3 23. Nxc5 Rxc5 24. Bd4 Bf8 25. g6 h5 26. gxf7+ Kxf7 27. Bxc5 dxc5 28. Qxh5+ Ke7 29. Qxc5+ Qd6 30. Qxc3 Rc8 31. Qd2 Rxc1+ 32. Qxc1 Bh6 33. e5 Qc6 34. Qxc6 Bxc6 35. f5 Bf4 36. Rg7+ Kf8 37. Rg6 Bd5 38. fxe6 Ke7 39. h4 Bxe5 40. h5 Bxe6 41. Kc2 Bf6 42. h6 Bf5 43. Rg1 1-0

[Event "USA-ch"]
[Site "Modesto"]
[Date "1995.??.??"]
[Round "10"]
[White "Kaidanov, Gregory S"]
[Black "Gulko, Boris F"]
[Result "1/2-1/2"]
[WhiteElo "2585"]
[BlackElo "2620"]
[PlyCount "41"]
[EventDate "1995.11.??"]
[Source "ChessBase"]

1. e4 c5 2. Nf3 Nc6 3. d4 cxd4 4. Nxd4 Nf6 5. Nc3 d6 6. Bc4 Qb6 7. Nb3 e6 8. O-O a6 9. Be3 Qc7 10. f4 b5 11. Bd3 Be7 12. Qf3 Bb7 13. Rae1 Nb4 14. Qg3 g6 15. a3 Nxd3 16. cxd3 Rc8 17. Nd2 Nh5 18. Qh3 f5 19. d4 O-O 20. d5 Qd7 21. dxe6 1/2-1/2

[Event "Evry"]
[Site "Evry"]
[Date "1988.??.??"]
[Round "?"]
[White "Sharif, Mershad"]
[Black "Kasparov, Gary"]
[Result "1-0"]
[WhiteElo "2450"]
[BlackElo "2750"]
[PlyCount "61"]
[EventDate "1988.??.??"]
[Source "www.chesslib.no"]
[SourceDate "2004.05.04"]

1. e4 c5 2. Nf3 e6 3. d4 cxd4 4. Nxd4 Nf6 5. Nc3 d6 6. f4 a6 7. Qf3 Qb6 8. Nb3 Qc7 9. Bd3 b5 10. O-O Bb7 11. Kh1 Nbd7 12. a4 b4 13. Nd1 Be7 14. Nf2 O-O 15. Bd2 Rab8 16. a5 Rfc8 17. Ra4 Nc5 18. Nxc5 dxc5 19. b3 Rd8 20. Qh3 g6 21. f5 exf5 22. exf5 Qc6 23. Bf4 Rbc8 24. fxg6 hxg6 25. Be5 c4 26. Be4 Qc5 27. Bxb7 Qxf2 28. Raa1 Qc5 29. Bxf6 Bxf6 30. Rxf6 Rc7 31. Bxa6 1-0

[Event "New York"]
[Site "?"]
[Date "1993.??.??"]
[Round "?"]
[White "Shabalov, A."]
[Black "Ehlvest, J."]
[Result "1-0"]
[WhiteElo "2575"]
[BlackElo "2625"]
[PlyCount "89"]
[EventDate "1993.??.??"]
[Source "ChessBase"]
[SourceDate "1993.02.01"]

1. e4 c5 2. Nf3 e6 3. d4 cxd4 4. Nxd4 Nf6 5. Nc3 d6 6. f4 Be7 7. Bd3 Nc6 8. Nf3 O-O 9. a3 Nd7 10. O-O b6 11. b4 Bb7 12. Bb2 Rc8 13. Qe1 a5 14. Nb5 e5 15. Rd1 axb4 16. axb4 exf4 17. Be2 Ncb8 18. c4 Bxe4 19. Nxd6 Bxd6 20. Rxd6 Qe7 21. Qc3 f6 22. Rfd1 Rfe8 23. Qd2 Ba8 24. Bf1 Ne5 25. Qxf4 Bxf3 26. gxf3 Nbc6 27. b5 Ng6 28. Qe4 Qxe4 29. fxe4 Nce5 30. Bh3 Ra8 31. Be6+ Kh8 32. Ra1 Rab8 33. Ra7 Nf3+ 34. Kf1 Ng5 35. Bf5 Nh4 36. Rdd7 Nxf5 37. exf5 Rbd8 38. c5 bxc5 39. b6 Rb8 40. Rab7 Ra8 41. Rxg7 Ne4 42. Rxh7+ Kg8 43. Rbg7+ Kf8 44. b7 Ra2 45. Rg2 1-0

[Event "Ohrid 82/213"]
[Site "?"]
[Date "2001.??.??"]
[Round "?"]
[White "Minasian, Art"]
[Black "Jussupow, A."]
[Result "1-0"]
[WhiteElo "2554"]
[BlackElo "2645"]
[PlyCount "77"]
[EventDate "2001.??.??"]
[Source "Chess Informant"]
[SourceDate "2001.06.01"]

1. e4 c5 2. Nf3 e6 3. d4 cxd4 4. Nxd4 Nf6 5. Nc3 d6 6. f4 a6 7. Qf3 Qc7 8. g4 b5 9. g5 Nfd7 10. a3 Bb7 11. f5 Nc6 12. fxe6 Nxd4 13. Qxf7+ Kd8 14. exd7 Be7 15. Qxg7 Nxc2+ 16. Kd1 Rf8 17. Kxc2 Bxe4+ 18. Bd3 Bxh1 19. Be3 Qc6 20. Re1 Kxd7 21. Bd2 Rfe8 22. Bxh7 a5 23. Bf5+ Kd8 24. Rxh1 Qxh1 25. Be4 Qxh2 26. Bxa8 b4 27. axb4 axb4 28. Nd5 b3+ 29. Kd3 Qh3+ 30. Be3 Qf5+ 31. Ke2 Qc2+ 32. Ke1 Qb1+ 33. Kf2 Rf8+ 34. Nf4 Qc2+ 35. Kg3 Rf5 36. Qg8+ Kc7 37. Nd5+ Rxd5 38. Qxd5 Kd7 39. Qb5+ 1-0

[Event "2nd Sanjin Hotel Cup"]
[Site "Tiayuan CHN"]
[Date "2005.07.10"]
[Round "2"]
[White "Petrosian, TL."]
[Black "Zhang Pengxiang"]
[Result "1/2-1/2"]
[WhiteElo "2581"]
[BlackElo "2616"]
[PlyCount "126"]
[EventDate "2005.07.09"]
[Source "www.chesslib.no"]
[SourceDate "2004.05.04"]

1. e4 c5 2. Nf3 Nc6 3. d4 cxd4 4. Nxd4 Qb6 5. Nb3 Nf6 6. Nc3 e6 7. Bd3 a6 8. O-O Be7 9. Be3 Qc7 10. f4 d6 11. Qf3 O-O 12. g4 b5 13. g5 Nd7 14. Qh5 Nb4 15. Rf3 Re8 16. Rh3 Nf8 17. Rf1 Nxd3 18. cxd3 b4 19. Nd1 d5 20. e5 d4 21. Nxd4 Bc5 22. Nb3 Bxe3+ 23. Nxe3 Bb7 24. d4 Rad8 25. f5 exf5 26. Nxf5 Bc8 27. Rc1 Qa7 28. Rxc8 Rxc8 29. Nd6 Red8 30. g6 fxg6 31. Qf3 Rxd6 32. exd6 Rd8 33. Qe2 Rxd6 34. Rf3 Qb7 35. Qc4+ Qd5 36. Qxb4 h5 37. Re3 Qg5+ 38. Rg3 Qf4 39. Qc4+ Kh7 40. Qf1 Qe4 41. Qd3 Qe1+ 42. Qf1 Qe4 43. Qd3 Qe1+ 44. Qf1 Qe7 45. Qd3 Nd7 46. Nd2 Qe1+ 47. Kg2 Ne5 48. Qe3 Qxe3 49. Rxe3 Rxd4 50. Ne4 Kh6 51. Re2 Nd3 52. Kf3 Nc1 53. Rc2 Nxa2 54. h4 Nb4 55. Rc5 g5 56. Rxg5 Rd3+ 57. Kf4 Rh3 58. Kf5 Rf3+ 59. Ke6 Nd3 60. Ra5 Re3 61. Kd5 Nb4+ 62. Kd4 Rh3 63. Ra4 a5 1/2-1/2

[Event "BL 0607 SF Katernberg - Werder Bremen"]
[Site "Germania"]
[Date "2006.11.19"]
[Round "4.2"]
[White "Erenburg, Sergey"]
[Black "Hracek, Zbynek"]
[Result "1-0"]
[WhiteElo "2582"]
[BlackElo "2614"]
[PlyCount "79"]
[EventDate "2006.10.28"]
[Source "www.chesslib.no"]
[SourceDate "2004.05.04"]

1. e4 c5 2. Nf3 d6 3. d4 cxd4 4. Nxd4 Nf6 5. Nc3 e6 6. Be3 Be7 7. f4 Nc6 8. Qf3 e5 9. Nf5 Bxf5 10. exf5 Nd4 11. Bxd4 exd4 12. Nb5 Qa5+ 13. c3 dxc3 14. Qxc3 Qxc3+ 15. Nxc3 O-O-O 16. Rc1 Kb8 17. Bd3 d5 18. Kf2 Bc5+ 19. Kf3 Rhe8 20. Rhe1 h5 21. g3 Bd4 22. Red1 Re3+ 23. Kg2 Rc8 24. Rc2 a6 25. Nxd5 Rxc2+ 26. Bxc2 Re2+ 27. Kf1 Rxc2 28. Rxd4 Ng4 29. Rb4 Rxh2 30. Rb3 Rd2 31. Nb4 Kc7 32. Ke1 Rg2 33. Kf1 Rf2+ 34. Ke1 Rg2 35. Kf1 Rd2 36. Ke1 Rh2 37. a4 a5 38. Nd5+ Kc6 39. Ne7+ Kc7 40. Nd5+ 1-0

[Event "Bosna i Hercegovina"]
[Site "?"]
[Date "2004.??.??"]
[Round "?"]
[White "Sutovsky, E."]
[Black "Ilincic, Z."]
[Result "1-0"]
[WhiteElo "2660"]
[BlackElo "2535"]
[PlyCount "57"]
[EventDate "2004.??.??"]
[Source "Chess Informant"]
[SourceDate "2004.06.01"]

1. e4 c5 2. Nc3 a6 3. f4 d6 4. Nf3 e6 5. d4 cxd4 6. Nxd4 Nf6 7. Qf3 Qb6 8. Nb3 Qc7 9. g4 b5 10. g5 b4 11. Nb5 axb5 12. gxf6 Bd7 13. fxg7 Bxg7 14. Rg1 Bf6 15. e5 Bc6 16. Qh5 dxe5 17. f5 exf5 18. Bg5 Qe7 19. O-O-O Rxa2 20. Kb1 Ra7 21. Be3 Rd7 22. Bh3 Rxd1+ 23. Rxd1 Bd7 24. Nc5 Bc8 25. Bxf5 Bxf5 26. Qxf5 O-O 27. Rg1+ Kh8 28. Ne4 Bg7 29. Ng5 1-0

[Event "Strumica"]
[Site "Strumica"]
[Date "1995.??.??"]
[Round "3"]
[White "Kurajica, Bojan"]
[Black "Azmaiparashvili, Zurab A"]
[Result "0-1"]
[WhiteElo "2585"]
[BlackElo "2610"]
[PlyCount "74"]
[EventDate "1995.??.??"]
[Source "www.chesslib.no"]
[SourceDate "2004.05.04"]

1. e4 c5 2. Nf3 d6 3. d4 cxd4 4. Nxd4 Nf6 5. Nc3 a6 6. f4 e6 7. Bd3 Qb6 8. Nb3 Qc7 9. Qe2 b5 10. g4 Nfd7 11. O-O Be7 12. g5 Nc6 13. a4 b4 14. Nd1 Bb7 15. Be3 g6 16. Nf2 h6 17. gxh6 Rxh6 18. c3 bxc3 19. Rac1 cxb2 20. Qxb2 Rh4 21. Nd2 Rb8 22. Nf3 Rh5 23. Be2 Qa5 24. Ng5 Bxg5 25. fxg5 Rxg5+ 26. Bg4 Re5 27. Nd3 Rxe4 28. Qh8+ Nf8 29. Bxe6 Nd8 30. Nc5 Ndxe6 31. Nxe4 Bxe4 32. Qf6 Bf5 33. Ba7 Qd8 34. Rxf5 gxf5 35. Qxf5 Rc8 36. Re1 Qh4 37. Bf2 Qxa4 0-1

[Event "Groningen"]
[Site "?"]
[Date "1993.??.??"]
[Round "?"]
[White "Hjartarson, J."]
[Black "van Wely, L."]
[Result "1/2-1/2"]
[WhiteElo "2605"]
[BlackElo "2585"]
[PlyCount "96"]
[EventDate "1993.??.??"]
[Source "ChessBase"]
[SourceDate "1994.02.01"]

1. e4 c5 2. Nf3 d6 3. d4 cxd4 4. Nxd4 Nf6 5. Nc3 a6 6. f4 e6 7. Qf3 Qb6 8. a3 Nc6 9. Nxc6 bxc6 10. b3 Be7 11. Bb2 e5 12. fxe5 dxe5 13. Na4 Qc7 14. Bc4 O-O 15. O-O Re8 16. Qg3 Bd8 17. Rad1 Qa7+ 18. Kh1 Be6 19. Bxe6 Rxe6 20. Bxe5 Nh5 21. Qd3 Bf6 22. Bd4 Bxd4 23. Qxd4 Qc7 24. Nc5 Rh6 25. Kg1 Nf6 26. e5 Rh5 27. Rfe1 h6 28. b4 Ne8 29. Qf4 Nf6 30. c4 a5 31. g3 axb4 32. axb4 Rg5 33. Qd4 Ng4 34. Qd6 Qb6 35. e6 fxe6 36. Qxe6+ Kh8 37. Re2 Nf6 38. Qd6 Qxb4 39. Ne6 Qxc4 40. Rb2 Rd5 41. Rb8+ Rxb8 42. Qxb8+ Ng8 43. Rxd5 Qxd5 44. Qe8 Qd1+ 45. Kg2 Qc2+ 46. Kg1 Qb1+ 47. Kg2 Qe4+ 48. Kg1 Qb1+ 1/2-1/2

[Event "Phillips&Drew"]
[Site "London"]
[Date "1980.??.??"]
[Round "13"]
[White "Timman, Jan H"]
[Black "Larsen, Bent"]
[Result "1-0"]
[WhiteElo "2600"]
[BlackElo "2590"]
[PlyCount "37"]
[EventDate "1980.04.??"]
[Source "ChessBase"]

1. e4 c5 2. Nf3 e6 3. d4 cxd4 4. Nxd4 Nf6 5. Nc3 d6 6. f4 Nc6 7. Be3 Qc7 8. Qf3 Bd7 9. O-O-O a6 10. g4 Nxd4 11. Rxd4 Bc6 12. g5 Nd7 13. Bh3 g6 14. Rhd1 b5 15. Qg3 Bg7 16. Rxd6 b4 17. f5 bxc3 18. Rxe6+ Kd8 19. Rxc6 1-0